• 首页
  • 本馆介绍
  • 公告通知
  • 最新文献
  • 馆藏检索
  • 电子资源
  • 读者荐购
  • 参考咨询
  • CALIS
  • 我的图书馆
  • 登录
  • 详细信息显示
  • 放入我的书架
  • 预约/预借图书
  • 作者相关作品
  • 分类相关作品
  • 丛书相关作品
  • 出版社相关作品

书目信息

  • 表格格式
  • 工作单格式
  • 卡片格式
题名:
当代中国建筑师:中青年编:周畅
    
 
作者: 建设部综合勘察研究设计院 编
分册:  
出版信息: 北京   中国建筑工业出版社  1999.05
页数: 231页
开本: 16开
丛书名:
单 册:
中图分类:
科图分类:
主题词: 建筑设计
电子资源:
ISBN: 7-112-03872-3
 
 
 
 
 
000 00707nam0 2200217 45
001 9911061597
005 20001021091636.2
010    @a7-112-03872-3@d186.00元
100    @a19991106d1999 km y0chiy0120 ea
101    @achi
105    @a z 000yy
200 1  @a当代中国建筑师:中青年编:周畅@ADang Dai Zhong GuoJian Zhu Shi:Zhong Qing Nian Bian:Zhou Chang@f建设部综合勘察研究设计院编@FJian She Bu Zong He Kan Cha Yan Jiu She Ji Yuan Bian
205    @a1
210    @a北京@c中国建筑工业出版社@d1999.05
215    @a231页@d16开
606 0  @a建筑设计
690    @v3
690    @aTU206@v3
701    @a建设部综合勘察研究设计院@4编
801    @aCN@bPFTUser@c19991106
905    @dTU206@eD:962@b179486-487@f2
    
    当代中国建筑师:中青年编:周畅/建设部综合勘察研究设计院编.-1.-北京:中国建筑工业出版社,1999.05
    231页;16开
    
    
    ISBN 7-112-03872-3:186.00元
    
●
相关链接 在E读中查询图书 在当当中查询图书 在豆瓣中查询图书


正题名:当代中国建筑师:中青年编:周畅     索取号:TU206/D:962         预约/预借

序号 登录号 条形码 馆藏地/架位号 状态 备注
1 179486   201794861   建筑库101/101建筑库 40排6列3层/ [索取号:TU206/D:962] 在馆    
2 179487   201794870   建筑库101/101建筑库 40排6列3层/ [索取号:TU206/D:962] 在馆    
河南城建学院图书馆 欢迎您!
大连网信软件有限公司© 版权所有